One last drink at Guapa/ (Record no. 139604)

MARC details
000 -LEADER
fixed length control field 00475nam a22001817a 4500
005 - DATE AND TIME OF LATEST TRANSACTION
control field 20230119105217.0
010 ## - LCCN (DPL NO)
LC control number ENG-118069 ENG-136014
020 ## - INTERNATIONAL STANDARD BOOK NUMBER
International Standard Book Number 9789385755095
Terms of availability 499.00
035 ## - SYSTEM CONTROL NUMBER
System control number EN-101601
035 ## - SYSTEM CONTROL NUMBER
System control number EN-119546
037 ## - SOURCE OF ACQUISITION
Source of stock number/acquisition DBAD/PUB
082 ## - DEWEY DECIMAL CLASSIFICATION NUMBER
Classification number N
100 ## - MAIN ENTRY--PERSONAL NAME
Personal name Saleem Haddad
245 ## - TITLE STATEMENT
Title One last drink at Guapa/
Statement of responsibility, etc by Saleem Haddad
260 ## - PUBLICATION, DISTRIBUTION, ETC. (IMPRINT)
Place of publication, distribution, etc New Delhi
Name of publisher, distributor, etc Speaking Tiger Publishing
Date of publication, distribution, etc 2016
300 ## - PHYSICAL DESCRIPTION
Extent 358p.
Dimensions 22cm.(pbk)
942 ## - ADDED ENTRY ELEMENTS (KOHA)
Source of classification or shelving scheme Dewey Decimal Classification
Item type English Books
Classification part N
Call number suffix SAL
Holdings
Withdrawn status Lost status Not for loan Collection code Home library Current library Date acquired Source of acquisition Cost, normal purchase price Full call number Barcode Copy number Cost, replacement price Koha item type
      Non-fiction D.B.Act.Division Mobile Library 19/01/2023 DBAD/PUB 499.00 N SAL EN-119546 1 499.00 English Books
      Fiction Patel Nagar Patel Nagar 08/05/2017 DBAD/PUB 499.00 N SAL EN-101601 1 499.00 English Books

© Delhi Public Library
Hit Counter
free hit counter